The triumph of God's love : (Record no. 2050)
[ view plain ]
| 000 -LEADER | |
|---|---|
| fixed length control field | 00948cam a2200253Ii 4500 |
| 001 - CONTROL NUMBER | |
| control field | 3004797 |
| 003 - CONTROL NUMBER IDENTIFIER | |
| control field | OSt |
| 005 - DATE AND TIME OF LATEST TRANSACTION | |
| control field | 20180922170923.0 |
| 008 - FIXED-LENGTH DATA ELEMENTS--GENERAL INFORMATION | |
| fixed length control field | 770530s1957 tnua b 001 0 eng d |
| 040 ## - CATALOGING SOURCE | |
| Original cataloging agency | EXN |
| Transcribing agency | EXN |
| Modifying agency | m.c. |
| -- | BSC |
| 082 ## - DEWEY DECIMAL CLASSIFICATION NUMBER | |
| Classification number | 286.7 |
| Item number | W582T |
| 092 ## - LOCALLY ASSIGNED DEWEY CALL NUMBER (OCLC) | |
| Classification number | 230.67 |
| Item number | W582t |
| 100 1# - MAIN ENTRY--PERSONAL NAME | |
| Personal name | White, Ellen Gould Harmon, |
| Dates associated with a name | 1827-1915. |
| 245 14 - TITLE STATEMENT | |
| Title | The triumph of God's love : |
| Remainder of title | the story of the vindication of the character of God and the salvation of mankind / |
| Statement of responsibility, etc. | by E. G. White. |
| 246 33 - VARYING FORM OF TITLE | |
| Title proper/short title | Great controversy between Christ and Satan. |
| 260 ## - PUBLICATION, DISTRIBUTION, ETC. | |
| Place of publication, distribution, etc. | Nashville : |
| Date of publication, distribution, etc. | Southern Publishing Association, |
| -- | c1957. |
| 300 ## - PHYSICAL DESCRIPTION | |
| Extent | 429 p. : |
| Other physical details | ill. ; |
| Dimensions | 24 cm. |
| 500 ## - GENERAL NOTE | |
| General note | Also published under the title: The Great Controversy Between Christ and Satan. |
| 504 ## - BIBLIOGRAPHY, ETC. NOTE | |
| Bibliography, etc. note | Includes bibliographical references and index. |
| 650 #0 - SUBJECT ADDED ENTRY--TOPICAL TERM | |
| Topical term or geographic name entry element | Seventh-Day Adventists |
| General subdivision | Controversial literature. |
| 650 #0 - SUBJECT ADDED ENTRY--TOPICAL TERM | |
| Topical term or geographic name entry element | Church history. |
| 650 #0 - SUBJECT ADDED ENTRY--TOPICAL TERM | |
| Topical term or geographic name entry element | Eschatology. |
| 942 ## - ADDED ENTRY ELEMENTS (KOHA) | |
| Source of classification or shelving scheme | Dewey Decimal Classification |
| Koha item type | Books |
| Withdrawn status | Lost status | Source of classification or shelving scheme | Damaged status | Not for loan | Collection code | Home library | Current library | Shelving location | Date acquired | Cost, normal purchase price | Total Checkouts | Full call number | Barcode | Date last seen | Price effective from | Koha item type |
|---|---|---|---|---|---|---|---|---|---|---|---|---|---|---|---|---|
| Dewey Decimal Classification | Non-fiction | Harvest Mission College | Harvest Mission College | General Stacks | 22.09.2018 | 700.00 | 286.7 W582T | 000933 | 22.09.2018 | 22.09.2018 | Books |
